<?xml version="1.0" encoding="UTF-8"?>
<record
    xmlns:xsi="http://www.w3.org/2001/XMLSchema-instance"
    xsi:schemaLocation="http://www.loc.gov/MARC21/slim http://www.loc.gov/standards/marcxml/schema/MARC21slim.xsd"
    xmlns="http://www.loc.gov/MARC21/slim">

  <leader>01402nam a2200301 a 4500</leader>
  <controlfield tag="001">BRCA_5113</controlfield>
  <controlfield tag="005">20190320204939.0</controlfield>
  <controlfield tag="008">191110s1861----mx-######v---#000-0#spa-#</controlfield>
  <datafield tag="041" ind1=" " ind2=" ">
    <subfield code="a">spa</subfield>
  </datafield>
  <datafield tag="044" ind1=" " ind2=" ">
    <subfield code="a">mx</subfield>
  </datafield>
  <datafield tag="084" ind1=" " ind2=" ">
    <subfield code="a">DOC112</subfield>
    <subfield code="b">.Z36</subfield>
    <subfield code="c">1861</subfield>
  </datafield>
  <datafield tag="100" ind1="1" ind2=" ">
    <subfield code="a">Zamacona, Pablo</subfield>
    <subfield code="d">1836-1890</subfield>
    <subfield code="9">13045</subfield>
  </datafield>
  <datafield tag="245" ind1="1" ind2="0">
    <subfield code="a">Documento firmado por Don [Pablo]       Zamacona dirigido a Don Eduardo de Goroztiza</subfield>
    <subfield code="c">[Pablo]Zamacona ; Eduardo de Goroztiza.</subfield>
  </datafield>
  <datafield tag="260" ind1=" " ind2=" ">
    <subfield code="a">M&#xE9;xico</subfield>
    <subfield code="c">1861</subfield>
  </datafield>
  <datafield tag="300" ind1=" " ind2=" ">
    <subfield code="a">[1] foja</subfield>
    <subfield code="c">33 x 22 cm.</subfield>
  </datafield>
  <datafield tag="500" ind1=" " ind2=" ">
    <subfield code="a">Documento firmado el 1 de septiembre de 1861.</subfield>
  </datafield>
  <datafield tag="500" ind1=" " ind2=" ">
    <subfield code="a">Documento en el  cual [Pablo] Zamacona escribe a Goroztiza comunic&#xE1;ndole el nombramiento de Jefe de la Secci&#xF3;n de Am&#xE9;rica a su favor y le pide presente los papeles a fin de acredit&#xE1;rselo.</subfield>
  </datafield>
  <datafield tag="500" ind1=" " ind2=" ">
    <subfield code="a">Al margen sello que dice: &#xB4;SELLO DE LA SECRETARIA DE ESTADO Y DE DESPACHO DE RELACIONES EXTERIORES&#xB4;.</subfield>
  </datafield>
  <datafield tag="500" ind1=" " ind2=" ">
    <subfield code="a">El documento contiene la leyenda DOC. #276.</subfield>
  </datafield>
  <datafield tag="506" ind1="0" ind2=" ">
    <subfield code="a">Fondo Reservado. Para su consulta es necesario credencial de usuario y carta de motivos.</subfield>
  </datafield>
  <datafield tag="546" ind1=" " ind2=" ">
    <subfield code="a">Texto en: espa&#xF1;ol de mediados del siglo XIX.</subfield>
  </datafield>
  <datafield tag="600" ind1="1" ind2="4">
    <subfield code="a">Zamacona, Pablo</subfield>
    <subfield code="d">1836-1890</subfield>
    <subfield code="x">Historia</subfield>
    <subfield code="9">13046</subfield>
  </datafield>
  <datafield tag="650" ind1="1" ind2="4">
    <subfield code="a">Documentos legales</subfield>
    <subfield code="v">Manuscritos</subfield>
    <subfield code="x">Historia</subfield>
    <subfield code="9">12814</subfield>
  </datafield>
  <datafield tag="651" ind1=" " ind2="4">
    <subfield code="a">M&#xE9;xico</subfield>
    <subfield code="x">Historia</subfield>
    <subfield code="y">Constituci&#xF3;n y reforma, 1855-1863</subfield>
    <subfield code="9">13047</subfield>
  </datafield>
  <datafield tag="700" ind1="1" ind2=" ">
    <subfield code="a">Goroztiza, Eduardo</subfield>
    <subfield code="d">1815-?</subfield>
    <subfield code="9">13048</subfield>
  </datafield>
  <datafield tag="902" ind1=" " ind2=" ">
    <subfield code="a">FDH</subfield>
  </datafield>
  <datafield tag="942" ind1=" " ind2=" ">
    <subfield code="2">lcc</subfield>
    <subfield code="c">D</subfield>
  </datafield>
  <datafield tag="999" ind1=" " ind2=" ">
    <subfield code="c">4807</subfield>
    <subfield code="d">4807</subfield>
  </datafield>
  <datafield tag="952" ind1=" " ind2=" ">
    <subfield code="0">0</subfield>
    <subfield code="1">0</subfield>
    <subfield code="4">0</subfield>
    <subfield code="7">0</subfield>
    <subfield code="a">BRCA</subfield>
    <subfield code="b">BRCA</subfield>
    <subfield code="d">2010-11-19</subfield>
    <subfield code="l">0</subfield>
    <subfield code="o">DOC112 .Z36 1861</subfield>
    <subfield code="p">5339</subfield>
    <subfield code="r">2019-03-22 00:00:00</subfield>
    <subfield code="w">2019-03-22</subfield>
    <subfield code="y">D</subfield>
  </datafield>
</record>
